[Event "IPCA Wch 19th"]
[Site "Ruzomberok"]
[Date "2019.07.06"]
[Round "9"]
[White "Tersinsev, Andrey"]
[Black "Nowak, Lukasz1"]
[Result "0-1"]
[WhiteElo "2164"]
[BlackElo "2267"]
[PlyCount "92"]
[EventDate "2019.06.28"]
[EventType "swiss"]
[EventRounds "9"]
[EventCountry "SVK"]
[SourceTitle "CBM 191 Extra"]
[Source "ChessBase"]
[SourceDate "2019.09.30"]
[SourceVersion "1"]
[SourceVersionDate "2019.09.30"]
[SourceQuality "1"]

1. d4 Nf6 2. c4 e6 3. Nc3 Bb4 4. e3 b6 5. Bd3 Bb7 6. Nf3 Ne4 7. Qc2 f5 8. a3 Bxc3+ 9. bxc3 0-0 10. 0-0 d6 11. Nd2 Nxd2 12. Bxd2 Nc6 13. f4 Na5 14. e4 fxe4 15. Bxe4 Bxe4 16. Qxe4 Qd7 17. Qe2 Rae8 18. Be3 Qc6 19. c5 bxc5 20. dxc5 Nb3 21. Rad1 Nxc5 22. Rf3 a5 23. Rh3 Nd7 24. Qh5 Nf6 25. Qxa5 Nd5 26. c4 Nxe3 27. Rxe3 Rxf4 28. c5 Rf5 29. Rc3 Ref8 30. h4 d5 31. Rg3 e5 32. a4 Qf6 33. Qxc7 e4 34. Qd7 Rh5 35. Rxd5 Qf1+ 36. Kh2 Rxh4+ 37. Rh3 Qf4+ 38. Kh1 Qf1+ 39. Kh2 Qf4+ 40. Kh1 e3 41. Qe6+ Kh8 42. Rxh4 Qxh4+ 43. Qh3 Qxh3+ 44. gxh3 e2 45. Re5 Rf1+ 46. Kg2 e1Q 0-1

[Event "IPCA Wch 19th"]
[Site "Ruzomberok"]
[Date "2019.07.03"]
[Round "6"]
[White "Valenta, Vit"]
[Black "Tersinsev, Andrey"]
[Result "1-0"]
[WhiteElo "2147"]
[BlackElo "2164"]
[PlyCount "165"]
[EventDate "2019.06.28"]
[EventType "swiss"]
[EventRounds "9"]
[EventCountry "SVK"]
[SourceTitle "CBM 191 Extra"]
[Source "ChessBase"]
[SourceDate "2019.09.30"]
[SourceVersion "1"]
[SourceVersionDate "2019.09.30"]
[SourceQuality "1"]

1. b4 e5 2. Bb2 Bxb4 3. Bxe5 Nf6 4. Nf3 d5 5. g3 c5 6. Bb2 Nc6 7. Bg2 0-0 8. 0-0 Re8 9. e3 Bg4 10. h3 Be6 11. d3 Qd7 12. Kh2 d4 13. e4 c4 14. Ng5 c3 15. Bc1 b5 16. f4 h6 17. Nxe6 fxe6 18. e5 Nd5 19. Be4 Nce7 20. Qf3 Rad8 21. a4 a6 22. Na3 Nf5 23. axb5 axb5 24. Rb1 Bxa3 25. Bxa3 Nfe3 26. Rf2 b4 27. Bc1 Qe7 28. Re2 Rb8 29. Rb3 Qa7 30. f5 Rf8 31. Bxd5 Nxd5 32. f6 Qf7 33. Qg4 Kh7 34. fxg7 Rg8 35. Qxd4 Rxg7 36. Qh4 Rg6 37. Bf4 Rf8 38. Rf2 Qa7 39. Kg2 Qd4 40. Kf1 Rfg8 41. Rf3 Nxf4 42. Qxf4 Qxf4 43. gxf4 Rg1+ 44. Ke2 Rc1 45. Rxb4 Rg2+ 46. Ke3 Rcxc2 47. Rc4 Rc1 48. Rf2 Rg3+ 49. Rf3 Rg2 50. d4 c2 51. Rc7+ Kg6 52. f5+ exf5 53. Rc6+ Kg5 54. h4+ Kxh4 55. Kf4 Rg4+ 56. Kxf5 Rg5+ 57. Kf6 Kh5 58. Rh3+ Kg4 59. Rxh6 Rf1+ 60. Ke7 Rg7+ 61. Kd6 c1Q 62. Rxc1 Rxc1 63. d5 Ra1 64. e6 Kg5 65. Rh2 Raa7 66. Ke5 Rgb7 67. Rg2+ Kh6 68. Kf6 Kh7 69. d6 Rb1 70. d7 Rd1 71. Rg7+ Kh8 72. Rf7 Kg8 73. Rg7+ Kh8 74. d8Q+ Rxd8 75. Rxa7 Rd1 76. e7 Rf1+ 77. Kg5 Rg1+ 78. Kf5 Rf1+ 79. Ke6 Re1+ 80. Kd7 Rd1+ 81. Kc8 Re1 82. Kd8 Rd1+ 83. Rd7 1-0

[Event "Olympiad-43"]
[Site "Batumi"]
[Date "2018.10.05"]
[Round "11.4"]
[White "Tersinsev, Andrey"]
[Black "Luke Brezmes, Cristofer"]
[Result "1/2-1/2"]
[WhiteElo "2194"]
[BlackElo "2124"]
[PlyCount "200"]
[EventDate "2018.09.24"]
[EventType "team-swiss"]
[EventRounds "11"]
[EventCountry "GEO"]
[SourceTitle "CBM 187"]
[Source "ChessBase"]
[SourceDate "2018.12.11"]
[SourceVersion "1"]
[SourceVersionDate "2018.12.11"]
[SourceQuality "1"]
[WhiteTeam "IPCA"]
[BlackTeam "Andorra"]
[BlackTeamCountry "AND"]

1. d4 e6 2. e4 d5 3. Nc3 Bb4 4. e5 c5 5. a3 Bxc3+ 6. bxc3 Qc7 7. Qg4 Ne7 8. Bd2 Nbc6 9. Nf3 Bd7 10. Qxg7 Rg8 11. Qxh7 0-0-0 12. Qd3 Nf5 13. Bg5 cxd4 14. Bxd8 Kxd8 15. 0-0-0 Nxe5 16. Nxe5 Qxe5 17. cxd4 Qc7 18. Kb2 Ba4 19. Qc3 Qb6+ 20. Qb4 Qc6 21. Qc5 Nxd4 22. Qxc6 Nxc6 23. h4 Ke7 24. h5 Ne5 25. Be2 Rxg2 26. h6 Rg8 27. Rdg1 Ng6 28. Bd3 Kf6 29. Rh3 Be8 30. Kc3 Rh8 31. Rhh1 Ne5 32. f4 Ng6 33. f5 exf5 34. Rh5 Bd7 35. Rgg5 Ne7 36. Kd4 Be6 37. Rg1 Nc6+ 38. Ke3 Ne5 39. Kf4 Ng6+ 40. Kf3 Ne5+ 41. Kf4 Ng6+ 42. Ke3 Ne5 43. h7 d4+ 44. Ke2 Ng6 45. Rf1 Ne7 46. Rh4 Ng6 47. Rh5 Ne7 48. Kd2 Kg6 49. Rh2 Kg7 50. Rg1+ Ng6 51. Rg5 Rxh7 52. Rxh7+ Kxh7 53. Bxf5 Bc4 54. Rg4 Kg7 55. Bxg6 fxg6 56. Rxd4 Bb5 57. Ke3 Bc6 58. Kf4 Kh6 59. Rd2 a6 60. Rh2+ Kg7 61. Kg5 Kf7 62. Re2 Bb5 63. Re3 Ba4 64. c3 Bc2 65. Re1 Bd3 66. Rd1 Bf5 67. c4 Ke7 68. c5 Kf7 69. Rd6 Ke7 70. Kf4 Bd7 71. Rxg6 Kd8 72. Ke5 Kc7 73. Kd5 Ba4 74. Rg7+ Kb8 75. Kd6 Bc6 76. Ke5 Ba4 77. Rg6 Kc7 78. Kd5 Bb3+ 79. Kd4 Bc2 80. Rg7+ Kc6 81. Rf7 Bd1 82. Rf6+ Kc7 83. Rf7+ Kc6 84. Rf4 Be2 85. a4 a5 86. Rf6+ Kc7 87. Kd5 Bd1 88. Rf7+ Kb8 89. Rf4 Kc7 90. c6 bxc6+ 91. Kc5 Kb7 92. Rh4 Bc2 93. Rg4 Bd1 94. Rg7+ Ka6 95. Kxc6 Bxa4+ 96. Kc5 Bc2 97. Rg2 Bb3 98. Rg6+ Ka7 99. Kb5 a4 100. Rg7+ Kb8 1/2-1/2

[Event "Olympiad-43"]
[Site "Batumi"]
[Date "2018.10.03"]
[Round "9.3"]
[White "Tersinsev, Andrey"]
[Black "Jessel, Stephen"]
[Result "1-0"]
[WhiteElo "2194"]
[BlackElo "2317"]
[PlyCount "69"]
[EventDate "2018.09.24"]
[EventType "team-swiss"]
[EventRounds "11"]
[EventCountry "GEO"]
[SourceTitle "CBM 187"]
[Source "ChessBase"]
[SourceDate "2018.12.11"]
[SourceVersion "1"]
[SourceVersionDate "2018.12.11"]
[SourceQuality "1"]
[WhiteTeam "IPCA"]
[BlackTeam "Ireland"]
[BlackTeamCountry "IRL"]

1. d4 b6 2. e4 Bb7 3. Bd3 e6 4. Nf3 d6 5. 0-0 Nd7 6. c4 g6 7. Nc3 Bg7 8. Bg5 Ne7 9. Qd2 h6 10. Be3 g5 11. Qe2 a6 12. Rad1 Kf8 13. Bc2 Kg8 14. h4 g4 15. Ne1 h5 16. g3 e5 17. f4 gxf3 18. Qxf3 Qf8 19. Nd5 Ng6 20. Qf5 Bc8 21. Nxc7 exd4 22. Bxd4 Nde5 23. Qf2 Bg4 24. Nxa8 Bxd1 25. Bxd1 Qxa8 26. Bb3 Qxe4 27. c5 bxc5 28. Bxf7+ Kh7 29. Bxe5 Nxe5 30. Bb3 Nd3 31. Qf7 Nxe1 32. Qxh5+ Bh6 33. Rf7+ Kg8 34. Re7+ c4 35. Qf7# 1-0

[Event "Olympiad-43"]
[Site "Batumi"]
[Date "2018.09.28"]
[Round "5.34"]
[White "Burgos Figueroa, Carlos Ernesto"]
[Black "Tersinsev, Andrey"]
[Result "1-0"]
[WhiteElo "2222"]
[BlackElo "2194"]
[PlyCount "133"]
[EventDate "2018.09.24"]
[EventType "team-swiss"]
[EventRounds "11"]
[EventCountry "GEO"]
[SourceTitle "CBM 187"]
[Source "ChessBase"]
[SourceDate "2018.12.11"]
[SourceVersion "1"]
[SourceVersionDate "2018.12.11"]
[SourceQuality "1"]
[WhiteTeam "El Salvador"]
[BlackTeam "IPCA"]
[WhiteTeamCountry "ESA"]

1. Nf3 Nf6 2. g3 g6 3. b3 Bg7 4. Bb2 0-0 5. Bg2 c5 6. 0-0 d5 7. c4 Nc6 8. cxd5 Nb4 9. Qc1 Qb6 10. d4 cxd4 11. Bxd4 Qa6 12. Nc3 Nbxd5 13. Nxd5 Nxd5 14. Bxg7 Kxg7 15. Rd1 Nf6 16. Qb2 Bg4 17. h3 Bxf3 18. exf3 Rfd8 19. Re1 Rd7 20. g4 Kg8 21. f4 Rad8 22. Qe5 Qb6 23. Re2 Nd5 24. Bxd5 Rxd5 25. Qxe7 Rd3 26. Kg2 Qc6+ 27. Qe4 Qc3 28. Rae1 Qc7 29. Re3 R3d4 30. Qe5 Qc6+ 31. Rf3 Rd2 32. a4 R2d3 33. Ree3 Rd1 34. Rc3 Qa6 35. Rc4 R1d5 36. Qc3 b5 37. Rc6 Qb7 38. Rc7 Qb6 39. a5 Qa6 40. b4 Qd6 41. f5 Rd4 42. fxg6 fxg6 43. Qb3+ Qd5 44. Qxd5+ R8xd5 45. Rxa7 Rxb4 46. Re3 Kf8 47. Rxh7 Ra4 48. Rf3+ Kg8 49. Rff7 b4 50. Rfg7+ Kf8 51. Ra7 Kg8 52. Rhb7 Rd8 53. a6 Ra2 54. Rg7+ Kf8 55. Raf7+ Ke8 56. a7 b3 57. Rb7 Kf8 58. Rgc7 b2 59. Rf7+ Kg8 60. Rg7+ Kf8 61. Rxg6 Rxa7 62. Rf6+ Kg8 63. Rxb2 Rd3 64. Rb8+ Kg7 65. Rbf8 Rd4 66. Rf4 Rd1 67. h4 1-0

[Event "Olympiad-43"]
[Site "Batumi"]
[Date "2018.09.26"]
[Round "3.34"]
[White "Tersinsev, Andrey"]
[Black "Sanchez, Sebastian Felipe"]
[Result "0-1"]
[WhiteElo "2194"]
[BlackElo "2424"]
[PlyCount "88"]
[EventDate "2018.09.24"]
[EventType "team-swiss"]
[EventRounds "11"]
[EventCountry "GEO"]
[SourceTitle "CBM 187"]
[Source "ChessBase"]
[SourceDate "2018.12.11"]
[SourceVersion "1"]
[SourceVersionDate "2018.12.11"]
[SourceQuality "1"]
[WhiteTeam "IPCA"]
[BlackTeam "Colombia"]
[BlackTeamCountry "COL"]

1. d4 Nf6 2. c4 e6 3. Nc3 Bb4 4. e3 0-0 5. Nge2 Re8 6. a3 Bf8 7. Ng3 d5 8. Be2 c5 9. dxc5 Bxc5 10. b4 Bf8 11. Bb2 Nc6 12. 0-0 g6 13. Qb3 a5 14. b5 dxc4 15. Qxc4 Ne5 16. Qf4 Ned7 17. Rfd1 Bg7 18. e4 h5 19. e5 Qc7 20. b6 Qxe5 21. Qc1 Qc5 22. Nb5 Qxc1 23. Raxc1 Nxb6 24. Nc7 Bd7 25. Nxa8 Rxa8 26. Bxf6 Bxf6 27. Rb1 Nd5 28. Ne4 Be7 29. Rxb7 Bc6 30. Rxe7 Nxe7 31. Bf3 Rb8 32. Rc1 Kg7 33. Kf1 Rb3 34. Ra1 Bd5 35. a4 Rb4 36. Nd2 f6 37. Bd1 Nc6 38. Rc1 Nd4 39. Rc5 Rb2 40. Nf3 Rb1 41. Ke1 Nxf3+ 42. gxf3 Bxf3 43. Rc7+ Kh6 44. Rd7 Kg5 0-1

[Event "Olympiad-43"]
[Site "Batumi"]
[Date "2018.09.25"]
[Round "2.3"]
[White "Allam, Mohamed"]
[Black "Tersinsev, Andrey"]
[Result "1/2-1/2"]
[WhiteElo "1948"]
[BlackElo "2194"]
[PlyCount "60"]
[EventDate "2018.09.24"]
[EventType "team-swiss"]
[EventRounds "11"]
[EventCountry "GEO"]
[SourceTitle "CBM 187"]
[Source "ChessBase"]
[SourceDate "2018.12.11"]
[SourceVersion "1"]
[SourceVersionDate "2018.12.11"]
[SourceQuality "1"]
[WhiteTeam "Palestine"]
[BlackTeam "IPCA"]
[WhiteTeamCountry "PLE"]

1. d4 Nf6 2. c4 g6 3. Nc3 Bg7 4. e4 d6 5. h3 0-0 6. Be3 b6 7. Bd3 a6 8. Nge2 c5 9. d5 e6 10. dxe6 fxe6 11. Ng3 Nc6 12. Qd2 Bb7 13. Bg5 Qc7 14. h4 Ng4 15. f3 d5 16. Rh3 Nge5 17. cxd5 Nb4 18. Be2 exd5 19. exd5 Bc8 20. d6 Qc6 21. Rh1 c4 22. Kd1 Nbd3 23. Nge4 Bf5 24. Bxd3 cxd3 25. Rb1 b5 26. b4 Rac8 27. Rb3 Be6 28. Rb1 Bf5 29. Rb3 Be6 30. Rb1 Bf5 1/2-1/2

[Event "IPCA Wch 17th"]
[Site "Ruzomberok"]
[Date "2017.06.05"]
[Round "9"]
[White "Tersinsev, Andrey"]
[Black "Venkata, Krishna Karthik K"]
[Result "1-0"]
[WhiteElo "2089"]
[BlackElo "2064"]
[PlyCount "80"]
[EventDate "2017.05.28"]
[EventType "swiss"]
[EventRounds "9"]
[EventCountry "SVK"]
[SourceTitle "EXT 2018"]
[Source "ChessBase"]
[SourceDate "2017.10.13"]
[SourceVersion "1"]
[SourceVersionDate "2017.10.13"]
[SourceQuality "1"]

1. d4 d5 2. c4 c6 3. Nf3 Nf6 4. e3 a6 5. Nbd2 e6 6. Bd3 c5 7. cxd5 exd5 8. dxc5 Bxc5 9. 0-0 Nc6 10. Nb3 Bd6 11. Nbd4 0-0 12. b3 Ne5 13. Be2 Ne4 14. Bb2 Qf6 15. Nxe5 Qxe5 16. f4 Qe7 17. Nc2 Be6 18. Bg4 f5 19. Be2 Rac8 20. Qd3 Nc5 21. Qd2 Ne4 22. Qd3 Rc7 23. Nd4 Rfc8 24. Bf3 Bb4 25. Nxf5 Bxf5 26. Qxd5+ Kh8 27. Qxf5 Nd2 28. Be5 Rc2 29. Be2 R2c5 30. Qh3 Rd8 31. Rfc1 Ne4 32. Bd4 Rcd5 33. Rc8 Rxc8 34. Qxc8+ Rd8 35. Qf5 Bc3 36. Rd1 Bxd4 37. Rxd4 Rxd4 38. exd4 Nd6 39. Qe5 Qd8 40. Bd3 Qd7 1-0

[Event "IPCA Wch 17th"]
[Site "Ruzomberok"]
[Date "2017.06.03"]
[Round "7"]
[White "Tersinsev, Andrey"]
[Black "Obodchuk, Andrei"]
[Result "0-1"]
[WhiteElo "2089"]
[BlackElo "2374"]
[PlyCount "68"]
[EventDate "2017.05.28"]
[EventType "swiss"]
[EventRounds "9"]
[EventCountry "SVK"]
[SourceTitle "EXT 2018"]
[Source "ChessBase"]
[SourceDate "2017.10.13"]
[SourceVersion "1"]
[SourceVersionDate "2017.10.13"]
[SourceQuality "1"]

1. d4 Nf6 2. c4 e6 3. Nc3 Bb4 4. e3 0-0 5. Bd3 b6 6. Nge2 Bb7 7. 0-0 d5 8. cxd5 exd5 9. Ng3 Re8 10. a3 Bf8 11. b4 Nbd7 12. Bb2 Ne4 13. Qc2 Ndf6 14. Ncxe4 dxe4 15. Bb5 Re6 16. Bc4 Nd5 17. Nxe4 Qh4 18. Bxd5 Bxd5 19. Ng3 Bd6 20. Qf5 Be4 21. Qh3 Qd8 22. Qg4 Bb7 23. Rfe1 Rg6 24. Qe2 Qh4 25. f4 Re8 26. Qf2 Qg4 27. Qe2 Qh4 28. Qf2 h5 29. e4 Bxf4 30. Rf1 Rxe4 31. Rfe1 Bxg3 32. hxg3 Rxg3 33. d5 Bxd5 34. Red1 Rf4 0-1

[Event "IPCA Wch 17th"]
[Site "Ruzomberok"]
[Date "2017.06.02"]
[Round "6"]
[White "Palin, Denis"]
[Black "Tersinsev, Andrey"]
[Result "1/2-1/2"]
[WhiteElo "2150"]
[BlackElo "2089"]
[PlyCount "64"]
[EventDate "2017.05.28"]
[EventType "swiss"]
[EventRounds "9"]
[EventCountry "SVK"]
[SourceTitle "EXT 2018"]
[Source "ChessBase"]
[SourceDate "2017.10.13"]
[SourceVersion "1"]
[SourceVersionDate "2017.10.13"]
[SourceQuality "1"]

1. Nf3 Nf6 2. g3 g6 3. Bg2 Bg7 4. 0-0 0-0 5. d4 d6 6. Re1 Bg4 7. h3 Bxf3 8. Bxf3 c6 9. e4 Nfd7 10. c3 Qc7 11. Bg5 Re8 12. Bg2 e6 13. Nd2 h6 14. Be3 c5 15. dxc5 Nxc5 16. Nc4 Rd8 17. Bf4 Bf8 18. h4 Nc6 19. Qe2 b5 20. Na3 a6 21. Rac1 b4 22. Nc2 bxc3 23. bxc3 Bg7 24. Nd4 Na5 25. Be3 Na4 26. Qc2 Nb6 27. Nb3 Nc6 28. Bd4 Ne5 29. Nd2 h5 30. Rb1 Rdb8 31. Rb3 Nbc4 32. Nxc4 Nxc4 1/2-1/2

[Event "IPCA Wch 17th"]
[Site "Ruzomberok"]
[Date "2017.06.01"]
[Round "5"]
[White "Tersinsev, Andrey"]
[Black "Lipilin, Ilia"]
[Result "1-0"]
[WhiteElo "2089"]
[BlackElo "1951"]
[PlyCount "31"]
[EventDate "2017.05.28"]
[EventType "swiss"]
[EventRounds "9"]
[EventCountry "SVK"]
[SourceTitle "EXT 2018"]
[Source "ChessBase"]
[SourceDate "2017.10.13"]
[SourceVersion "1"]
[SourceVersionDate "2017.10.13"]
[SourceQuality "1"]

1. d4 b6 2. c4 Bb7 3. Nc3 e6 4. e4 Bb4 5. f3 f5 6. exf5 Nh6 7. fxe6 0-0 8. Be3 Nf5 9. Bf2 dxe6 10. Qd2 e5 11. d5 e4 12. fxe4 Nd6 13. Bd3 Ba6 14. Nf3 Bxc4 15. e5 Nf5 16. Bxc4 1-0

[Event "RUS-ch IPCA"]
[Site "Volgograd"]
[Date "2017.05.03"]
[Round "4"]
[White "Mukhin, Alexey A"]
[Black "Tersinsev, Andrey"]
[Result "1/2-1/2"]
[WhiteElo "1880"]
[BlackElo "2089"]
[PlyCount "74"]
[EventDate "2017.04.30"]
[EventType "swiss"]
[EventRounds "9"]
[EventCountry "RUS"]
[SourceTitle "CBM 178 Extra"]
[Source "ChessBase"]
[SourceDate "2017.06.22"]
[SourceVersion "1"]
[SourceVersionDate "2017.06.22"]
[SourceQuality "1"]

1. d4 Nf6 2. c4 g6 3. Nc3 Bg7 4. e4 d6 5. Nf3 0-0 6. h3 c5 7. d5 e6 8. Be2 exd5 9. exd5 Re8 10. 0-0 Ne4 11. Nxe4 Rxe4 12. Bd3 Re8 13. Bg5 Qc7 14. Qd2 Bd7 15. Rfe1 Na6 16. a3 Rec8 17. Bh6 Qd8 18. Bxg7 Kxg7 19. Ng5 b5 20. Qc3+ f6 21. Ne6+ Bxe6 22. Rxe6 Nc7 23. Re2 bxc4 24. Bxc4 Qd7 25. Qa5 Kf7 26. Rae1 Re8 27. Re6 Kg7 28. Rxe8 Rxe8 29. Rxe8 Nxe8 30. Bb5 Qe7 31. Bxe8 Qxe8 32. Qc7+ Kh6 33. Qxd6 Qe1+ 34. Kh2 Qxf2 35. Qe6 Qf4+ 36. Kh1 Qf1+ 37. Kh2 Qf4+ 1/2-1/2

[Event "Chigorin Memorial 24th"]
[Site "St Petersburg"]
[Date "2016.10.19"]
[Round "5"]
[White "Tersinsev, Andrey"]
[Black "Mushak, Alexandr"]
[Result "1-0"]
[WhiteElo "2107"]
[BlackElo "1818"]
[PlyCount "95"]
[EventDate "2016.10.15"]
[EventType "swiss"]
[EventRounds "9"]
[EventCountry "RUS"]
[SourceTitle "CBM 175 Extra"]
[Source "ChessBase"]
[SourceDate "2016.12.12"]
[SourceVersion "1"]
[SourceVersionDate "2016.12.12"]
[SourceQuality "1"]

1. d4 g6 2. c4 Bg7 3. Nc3 d6 4. e4 Nc6 5. Be3 e5 6. d5 Nce7 7. Qd2 f5 8. f3 Nf6 9. b4 fxe4 10. fxe4 Ng4 11. Bg5 h6 12. Bh4 g5 13. Bg3 Ng6 14. h3 Nf6 15. Bf2 g4 16. Nge2 Nh5 17. g3 Qf6 18. h4 Qf3 19. Rg1 0-0 20. Be3 Kh7 21. Bg2 Qf7 22. 0-0-0 Bd7 23. Kb2 Qe7 24. Ka1 a6 25. Qe1 Rfc8 26. Rb1 Nh8 27. Nc1 Nf7 28. Nd3 b6 29. c5 bxc5 30. bxc5 dxc5 31. Bxc5 Nd6 32. Bf1 Rcb8 33. Be2 Qe8 34. Qf2 Qg6 35. Qg2 Nc4 36. Rxb8 Rxb8 37. Nb4 a5 38. Nc6 Bxc6 39. Bxc4 Bd7 40. Rf1 Nf6 41. Qe2 c6 42. d6 Ne8 43. Bf7 Qf6 44. Rxf6 Nxf6 45. Qa6 Rf8 46. Bc4 Nh5 47. Qa7 Rf1+ 48. Bxf1 1-0

[Event "Chigorin Memorial 24th"]
[Site "St Petersburg"]
[Date "2016.10.18"]
[Round "4"]
[White "Vorobyova, Valeriya"]
[Black "Tersinsev, Andrey"]
[Result "1-0"]
[WhiteElo "1830"]
[BlackElo "2107"]
[PlyCount "103"]
[EventDate "2016.10.15"]
[EventType "swiss"]
[EventRounds "9"]
[EventCountry "RUS"]
[SourceTitle "CBM 175 Extra"]
[Source "ChessBase"]
[SourceDate "2016.12.12"]
[SourceVersion "1"]
[SourceVersionDate "2016.12.12"]
[SourceQuality "1"]

1. e4 c5 2. Nf3 Nc6 3. d4 cxd4 4. Nxd4 Qb6 5. Nb3 Nf6 6. Nc3 e6 7. a3 Be7 8. Be2 0-0 9. Be3 Qc7 10. Qd2 a6 11. f4 d6 12. 0-0-0 b5 13. g4 Bb7 14. g5 Nd7 15. f5 Rfe8 16. Rhg1 Nc5 17. Nd4 Rac8 18. g6 hxg6 19. fxg6 f5 20. exf5 Nxd4 21. Bxd4 exf5 22. Qf4 Be4 23. Qg3 Ne6 24. Be3 Bf6 25. Bd2 Nd4 26. Bd3 Nf3 27. Bxe4 fxe4 28. Rgf1 Nxd2 29. Rxd2 e3 30. Rd3 e2 31. Re1 Qc4 32. Qf3 Bh4 33. Rxe2 Bg5+ 34. Kb1 Rxe2 35. Qxe2 Bf6 36. Qh5 Qc5 37. Qh7+ Kf8 38. Qh8+ Ke7 39. Nd5+ Ke6 40. Qh3+ Ke5 41. Qg3+ Kf5 42. Ne3+ Ke6 43. Qh3+ Ke7 44. Nf5+ Kd8 45. Rxd6+ Kc7 46. Qd3 Re8 47. Rd7+ Kc8 48. Rf7 Rd8 49. Qe4 Rd5 50. Ne3 Qd4 51. Qe8+ Bd8 52. Qc6+ 1-0

[Event "Chigorin Memorial 24th"]
[Site "St Petersburg"]
[Date "2016.10.17"]
[Round "3"]
[White "Tersinsev, Andrey"]
[Black "Apryshko, Gleb"]
[Result "0-1"]
[WhiteElo "2107"]
[BlackElo "2392"]
[PlyCount "100"]
[EventDate "2016.10.15"]
[EventType "swiss"]
[EventRounds "9"]
[EventCountry "RUS"]
[SourceTitle "CBM 175 Extra"]
[Source "ChessBase"]
[SourceDate "2016.12.12"]
[SourceVersion "1"]
[SourceVersionDate "2016.12.12"]
[SourceQuality "1"]

1. c4 Nf6 2. d4 g6 3. Nc3 Bg7 4. e4 0-0 5. Be2 d6 6. Bg5 a6 7. Qd2 c5 8. d5 b5 9. cxb5 Qa5 10. b6 Nbd7 11. b7 Bxb7 12. Nf3 Nb6 13. 0-0 Rfe8 14. Qc2 Rac8 15. Nd2 c4 16. Be3 Nfd7 17. Rfc1 e6 18. dxe6 fxe6 19. Nf3 d5 20. exd5 Nxd5 21. Nxd5 exd5 22. Rd1 Re4 23. Nd2 Re7 24. Nf3 Rce8 25. Nd4 Nc5 26. Bf3 Rxe3 27. fxe3 Rxe3 28. Qf2 Re8 29. Re1 Rxe1+ 30. Rxe1 h5 31. Re8+ Kh7 32. Bxh5 Qb6 33. Ne6 Qxb2 34. Bxg6+ Kxg6 35. Qg3+ Kf7 36. Qxg7+ Qxg7 37. Nxg7 c3 38. Re3 d4 39. Nf5 dxe3 40. Nxe3 Be4 41. Kf2 c2 42. Nxc2 Bxc2 43. Ke3 Ke6 44. Kd4 Kd6 45. g4 Bd1 46. g5 Ne6+ 47. Kc4 Nxg5 48. Kb4 Kc6 49. Ka5 Kb7 50. h4 Ne6 0-1

[Event "IPCA World 16th"]
[Site "Novi Sad"]
[Date "2016.07.23"]
[Round "3.3"]
[White "Yarmonov, Igor"]
[Black "Tersinsev, Andrey"]
[Result "1-0"]
[WhiteElo "2380"]
[BlackElo "2091"]
[PlyCount "43"]
[EventDate "2016.07.22"]
[EventType "swiss"]
[EventRounds "9"]
[EventCountry "SRB"]
[SourceTitle "EXT 2024"]
[Source "ChessBase"]
[SourceDate "2023.10.10"]
[SourceVersion "1"]
[SourceVersionDate "2023.10.10"]
[SourceQuality "1"]

1. d4 f5 2. e4 fxe4 3. Nc3 Nf6 4. Bg5 c6 5. f3 e3 6. Bxe3 d5 7. Bd3 e6 8. Qd2 Bd6 9. Bf4 Bxf4 10. Qxf4 0-0 11. Nge2 Qe7 12. 0-0-0 c5 13. dxc5 Qxc5 14. Qh4 Nc6 15. Rde1 Bd7 16. Nf4 Rac8 17. g4 d4 18. g5 dxc3 19. gxf6 Rxf6 20. Bxh7+ Kf8 21. Ng6+ Rxg6 22. Bxg6 1-0

[Event "IPCA Wch 15th"]
[Site "Bratislava"]
[Date "2015.06.25"]
[Round "8"]
[White "Gurbanov, Andrei"]
[Black "Tersinsev, Andrey"]
[Result "1-0"]
[WhiteElo "2355"]
[BlackElo "2022"]
[PlyCount "63"]
[EventDate "2015.06.19"]
[EventType "swiss"]
[EventRounds "9"]
[EventCountry "SVK"]
[SourceTitle "CBM 167 Extra"]
[Source "ChessBase"]
[SourceDate "2015.09.14"]
[SourceVersion "1"]
[SourceVersionDate "2015.09.14"]
[SourceQuality "1"]

1. d4 d5 2. c4 c6 3. Nf3 Nf6 4. Nc3 a6 5. a4 e6 6. e3 Nbd7 7. Bd3 dxc4 8. Bxc4 c5 9. a5 b5 10. axb6 Nxb6 11. Be2 Bb7 12. 0-0 cxd4 13. exd4 Be7 14. Qb3 0-0 15. Be3 Nfd5 16. Na4 a5 17. Nc5 Bxc5 18. dxc5 a4 19. Qa3 Nxe3 20. Qxe3 Nd5 21. Qd4 Qa5 22. Rfc1 Rfc8 23. Ne5 Ne7 24. b4 Qc7 25. b5 Rd8 26. Qc3 Rd5 27. Bf3 Rxe5 28. Bxb7 Rh5 29. Bxa8 Qxh2+ 30. Kf1 Re5 31. g3 Nd5 32. Qxe5 1-0

[Event "IPCA Wch 15th"]
[Site "Bratislava"]
[Date "2015.06.23"]
[Round "6"]
[White "Tersinsev, Andrey"]
[Black "Lipilin, Ilia"]
[Result "1-0"]
[WhiteElo "2022"]
[BlackElo "1631"]
[PlyCount "71"]
[EventDate "2015.06.19"]
[EventType "swiss"]
[EventRounds "9"]
[EventCountry "SVK"]
[SourceTitle "CBM 167 Extra"]
[Source "ChessBase"]
[SourceDate "2015.09.14"]
[SourceVersion "1"]
[SourceVersionDate "2015.09.14"]
[SourceQuality "1"]

1. d4 Nf6 2. c4 g6 3. Nc3 Bg7 4. e4 d6 5. Be2 0-0 6. Bg5 Nbd7 7. h4 h6 8. Be3 e5 9. d5 b6 10. h5 g5 11. g4 a5 12. b3 Nc5 13. f3 Bd7 14. Nh3 Nh7 15. Nf2 Qb8 16. 0-0 Qb7 17. Qd2 Rfb8 18. Rfb1 Qc8 19. Bd1 Ra7 20. a3 Rba8 21. Qb2 f6 22. b4 axb4 23. axb4 Na4 24. Bxa4 Bxa4 25. b5 Ra5 26. Ra3 Qb8 27. Rba1 Qa7 28. Rxa4 Rxa4 29. Rxa4 Qxa4 30. Nxa4 Rxa4 31. Qb3 Ra8 32. Nd3 Nf8 33. c5 bxc5 34. Bxc5 Nd7 35. Be3 Kf7 36. Nb4 1-0

[Event "IPCA Wch 15th"]
[Site "Bratislava"]
[Date "2015.06.20"]
[Round "2"]
[White "Tersinsev, Andrey"]
[Black "Mikheev, Stanislav Valerievi"]
[Result "0-1"]
[WhiteElo "2022"]
[BlackElo "2292"]
[PlyCount "78"]
[EventDate "2015.06.19"]
[EventType "swiss"]
[EventRounds "9"]
[EventCountry "SVK"]
[SourceTitle "CBM 167 Extra"]
[Source "ChessBase"]
[SourceDate "2015.09.14"]
[SourceVersion "1"]
[SourceVersionDate "2015.09.14"]
[SourceQuality "1"]

1. d4 Nf6 2. c4 e6 3. Nc3 Bb4 4. f3 0-0 5. e4 d5 6. cxd5 exd5 7. e5 Nfd7 8. a3 Bxc3+ 9. bxc3 f6 10. exf6 Qxf6 11. Bd3 Nb6 12. Ne2 Bf5 13. 0-0 Nc6 14. Ra2 Rae8 15. Bxf5 Qxf5 16. Nf4 Rf7 17. Re1 Rfe7 18. Rae2 Nc4 19. Rxe7 Rxe7 20. Rxe7 Nxe7 21. Qe2 Kf7 22. Nd3 Ng6 23. g3 b6 24. a4 a5 25. Kf2 Qd7 26. Qc2 Qe6 27. Nf4 Nxf4 28. Bxf4 g6 29. Qc1 c6 30. Bh6 Qf5 31. g4 Qf6 32. Bg5 Qd6 33. Bf4 Qa3 34. Qc2 Qb2 35. Qe2 Qxc3 36. Be5 b5 37. axb5 cxb5 38. Kg3 a4 39. Qg2 Nxe5 0-1

[Event "RUS IPCA-ch"]
[Site "Nalchik"]
[Date "2015.05.08"]
[Round "9"]
[White "Tersinsev, Andrey"]
[Black "Mukhin, Alexey A"]
[Result "1/2-1/2"]
[WhiteElo "2014"]
[BlackElo "1979"]
[PlyCount "82"]
[EventDate "2015.04.30"]
[EventType "swiss"]
[EventRounds "9"]
[EventCountry "RUS"]
[SourceTitle "EXT 2018"]
[Source "ChessBase"]
[SourceDate "2017.10.13"]
[SourceVersion "1"]
[SourceVersionDate "2017.10.13"]
[SourceQuality "1"]

1. d4 d5 2. c4 c6 3. Nf3 Nf6 4. e3 e6 5. Nbd2 c5 6. Bd3 Nc6 7. dxc5 Bxc5 8. Nb3 Be7 9. 0-0 0-0 10. cxd5 exd5 11. Nbd4 Re8 12. b3 Bg4 13. Bb2 Rc8 14. h3 Bh5 15. Rc1 Ne4 16. Be2 Qa5 17. Nf5 Bf8 18. a4 Red8 19. N3d4 Bg6 20. Nh4 Nxd4 21. Qxd4 Nd2 22. Bc3 Rxc3 23. Rxc3 Nxf1 24. Nxg6 hxg6 25. Kxf1 Be7 26. Rc2 b6 27. Rc7 Bf6 28. Qd3 Be5 29. Rc2 Qb4 30. f4 Bb8 31. Bf3 d4 32. g3 g5 33. fxg5 Bxg3 34. Kg2 Bb8 35. g6 Qd6 36. gxf7+ Kxf7 37. Rf2 Kg8 38. exd4 Qxd4 39. Qf5 Qe5 40. Qxe5 Bxe5 41. Be2 Bf6 1/2-1/2